Colorado Rockies 2025 Roster - Statistics

General Stats
  • This quiz has been taken 14 times
  • The average score is 10 of 30
Answer Stats
Jersey # Pos Player % Correct
15 C Hunter Goodman
92%
14 SS Ezequiel Tovar
83%
9 CF Brenton Doyle
75%
21 P Kyle Freeland
75%
49 P Antonio Senzatela
58%
48 P German Marquez
58%
4 1B Michael Toglia
58%
27 LF Jordan Beck
50%
6 2B Kyle Farmer
42%
39 2B Thairo Estrada
42%
26 P Austin Gomber
33%
11 SS Orlando Arcia
33%
8 SS Ryan Ritter
33%
35 RF Yanquiel Fernandez
33%
47 BP Juan Mejia
25%
22 RF Mickey Moniak
25%
54 BP Seth Halvorsen
25%
38 BP Victor Vodnik
25%
25 SS Warming Bernabel
25%
20 C Austin Nola
17%
45 BP Carson Palmquist
17%
0 BP Jaden Hill
17%
44 BP Jimmy Herget
17%
29 P Tanner Gordon
17%
2 RF Tyler Freeman
17%
57 BP Angel Chivilli
8%
64 P Bradley Blalock
8%
36 BP Zach Agnos
8%
52 BP Dugan Darnell
0%
46 BP Jeff Criswell
0%
No matching quizzes found
Score Distribution
Percent of People with Each Score
Percentile by Number Answered
Your Score History
You have not taken this quiz